| 000 | 00726nam a2200193 i 4500 | ||
|---|---|---|---|
| 001 | 56453 | ||
| 003 | ES-MaACL | ||
| 005 | 20230906163355.0 | ||
| 007 | t| | ||
| 008 | 031009s1939 sp ||||1| spa d | ||
| 110 | 2 |
_aComisión sobre Ilegitimidad de Poderes Actuantes en 18 de Julio de 1936. _9168294 |
|
| 245 | 1 | 0 | _aDictamen de la comisión sobre ilegitimidad de poderes actuantes en 18 de julio de 1936 [y Apendice I]. |
| 260 |
_aBarcelona : _bEditora Nacional, _c1939. |
||
| 300 |
_a2 v. ; _c24 cm. |
||
| 500 | _aPrecede al tít.: Estado español. Ministerio de la Gobernación. | ||
| 500 | _aCon 1 apéndice. | ||
| 650 | 4 |
_aGobierno representativo- _zEspaña- _y1936-1939. _9168295 |
|
| 852 |
_aES-MaACL _jP-829 _bR.18386 |
||
| 999 |
_c56453 _d56453 |
||